| 000 | 00446nam a22001817a 4500 | ||
|---|---|---|---|
| 003 | CEME | ||
| 005 | 20210628201659.0 | ||
| 008 | 210215b xxu||||| |||| 00| 0 eng d | ||
| 020 | _a0-471-59399-0 | ||
| 040 | _c. | ||
| 082 | _a620.112 ROY | ||
| 100 |
_aRoylance, David _940781 |
||
| 245 | _aMechanics of materials | ||
| 260 |
_aNEW YORK _bJOHN WILEY _c1996 |
||
| 300 | _aXIII,315P | ||
| 650 |
_aSTRENGTH OF MATERIALS _9563 |
||
| 942 |
_cBK _2ddc |
||
| 999 |
_c566780 _d566780 |
||